[Event "UZB-ch Men 2021"]
[Site "Tashkent"]
[Date "2021.04.23"]
[Round "7.1"]
[White "Vokhidov, Shamsiddin"]
[Black "Sindarov, Javokhir"]
[Result "0-1"]
[WhiteElo "2529"]
[BlackElo "2544"]
[Annotator "TA"]
[PlyCount "66"]
[EventDate "2021.04.17"]
[EventType "tourn"]
[EventCountry "UZB"]
[SourceTitle "playchess.com"]
[Source "ChessBase"]
[SourceQuality "1"]

{[%evp 16,66,26,17,29,21,20,33,27,22,43,21,31,0,44,33,54,0,19,-1,17,0,64,59,52,49,50,40,51,0,0,0,0,0,0,0,0,0,92,76,70,0,0,-18,-14,-341,-312,-795,-861,-1099,-1092,-29996,-29997]} 1. e4 e5 2. Nf3 Nc6 3. Bb5 a6 4. Ba4 d6 5. O-O Bd7 6. d4 Nf6 7. Bxc6 Bxc6 8. Re1 Be7 9. Nc3 exd4 {C84: Closed Ruy Lopez: Unusual White 6th moves.} 10. Nxd4 Bd7 11. h3 O-O {White is slightly better.} 12. Qf3 b5 13. a3 Re8 {[#]} 14. b3 $146 ({Predecessor:} 14. Bg5 h6 15. Bh4 Nd5 16. Bxe7 Nxe7 17. e5 dxe5 18. Rxe5 Ng6 19. Rxe8+ Qxe8 20. Rd1 Rd8 21. Qb7 c5 {½-½ (21) Dobrica,D (2376)-Artemyev,D (2361) ICCF email 2015}) 14... Qc8 15. Bb2 Bf8 16. g4 (16. Nf5 $14) 16... h6 17. Kh2 Qb7 18. Nf5 Bxf5 ({Black should try} 18... Re6 $11) 19. gxf5 $14 c6 20. Rg1 Qe7 ({But not} 20... d5 $6 21. Nxd5 Nxe4 22. Nf6+ Nxf6 23. Bxf6 $16) 21. Rae1 $1 Qe5+ 22. Kh1 (22. Kg2 $14) 22... d5 $1 $11 {[%cal Rd5e4]} 23. exd5 Qxe1 24. Rxe1 Rxe1+ 25. Kg2 cxd5 26. Ne2 Re8 (26... Ne4 $11 {keeps the balance.}) 27. Nf4 $16 {aiming for Bxf6.} Ne4 28. h4 (28. Bd4 $14) 28... Rc8 $36 {[%mdl 2048] Black has good play.} 29. Qd3 Bc5 30. Qxd5 $2 {[%mdl 8192] This move loses the game for White.} (30. f6 $11 {and White is okay.}) 30... Bxf2 $19 {[%mdl 64] Discovered Attack} 31. Ng6 $2 {[#]} (31. Nd3 Re3 32. Ne5 (32. Nxf2 $2 Rxc2 {[%mdl 64] Double Attack} 33. Qa8+ Kh7 $19)) 31... Bxh4 $1 {[%mdl 512]} 32. Kh3 (32. c4 Rd8) 32... Bf6 33. Qb7 Re3+ {Weighted Error Value: White=0.95/Black=0.17} 0-1

[Event "UZB-ch Men 2021"]
[Site "Tashkent"]
[Date "2021.04.23"]
[Round "7.2"]
[White "Abdurakhmonov, Mukhammadali"]
[Black "Abdisalimov, Abdimalik"]
[Result "0-1"]
[WhiteElo "2284"]
[BlackElo "2392"]
[Annotator "TA"]
[PlyCount "106"]
[EventDate "2021.04.17"]
[EventType "tourn"]
[EventCountry "UZB"]
[SourceTitle "playchess.com"]
[Source "ChessBase"]
[SourceQuality "1"]

{[%evp 24,106,27,33,77,77,73,8,1,15,0,-25,-31,-73,-79,-63,-67,-141,-84,-77,-87,-146,-105,-153,-142,-176,-79,-146,-135,-135,-127,-195,-161,-237,-226,-304,-302,-286,-256,-427,-422,-510,-505,-508,-501,-487,-411,-393,-289,-366,-339,-350,-354,-344,-350,-329,-330,-397,-406,-587,-580,-578,-558,-589,-577,-803,-790,-6920,-706,-6786,-7041,-5832,-4718,-29978,-29979,-29986,-29981,-29981,-29982,-29982,-29983,-29983,-29984,-29984,-29985]} 1. d4 Nf6 2. c4 c5 3. d5 g6 4. Nc3 Bg7 5. e4 O-O 6. Be3 d6 7. f3 e6 8. Qd2 exd5 9. cxd5 Re8 10. Nge2 h5 11. Nc1 Nbd7 12. Be2 a6 13. a4 Qa5 {A65: Modern Benoni: 6 e4.} 14. O-O Ne5 {[#]} 15. Nb1 $146 ({White should try} 15. h3 $16) ({Predecessor:} 15. h3 c4 16. Qc2 b5 17. b4 Qxb4 18. axb5 Nxf3+ 19. Bxf3 Nxe4 20. N1a2 Qb3 21. Qxb3 cxb3 22. Nxe4 axb5 {0-1 (82) Arakeljan,A (2322)-Gavritenkov,S (2412) Tula 2010}) 15... Qxd2 $11 {The position is equal.} 16. Nxd2 Bd7 17. a5 Bb5 18. Kf2 Nfd7 19. h3 f5 20. f4 (20. Re1 $15) 20... Bxe2 ({Black should play} 20... Nf7 {Strongly threatening ...Nf6.} 21. Na2 Bxb2) 21. Kxe2 $17 Nf7 {[%csl LRb2,LRe4]} 22. exf5 (22. Na2 $142) 22... gxf5 ({Don't take} 22... Bxb2 23. Rb1 $17) 23. Rd1 {[#]} b5 $1 24. Rb1 Nd8 (24... Nf6 $19 {has better winning chances.} 25. Nf1 Ne4) 25. Kf3 ({Better is} 25. Kf2) 25... Nb7 26. Ne2 Kf7 ({Much weaker is} 26... Nxa5 $6 27. Ng3 $15) 27. Nb3 (27. b4 $17) 27... Re4 $19 28. Bd2 {[#]} (28. Ng3 $142 Rb4 29. Nc1) 28... h4 $1 29. Be1 Rae8 30. Nbc1 Bf6 31. g4 $2 (31. b4) 31... hxg3 32. Bxg3 {White hopes to continue with Bf2.} Re3+ 33. Kf2 Nxa5 34. Ra1 Bd8 35. Ng1 Bb6 36. Nf3 c4 37. Kg2 Nb3 38. Nxb3 Rxb3 ({Weaker is} 38... cxb3 39. Rd2 $19) 39. Rd2 Nc5 40. Ng5+ Kg6 41. Bf2 {[#]} (41. Kh2 $142 Na4 42. Bf2) 41... Nd3 $1 {[%mdl 64] Discovered Attack} 42. Bxb6 {And now Ne6 would win.} Nxf4+ 43. Kf1 Kxg5 44. Rxa6 Rxh3 45. Bf2 Rh1+ 46. Bg1 Nh3 {[%csl Gh3][%cal Rh1g1]} 47. Rg2+ Kf4 48. Rxd6 Ra8 {Black mates.} 49. Rdg6 Nxg1 50. Rxg1 Ra1+ 51. Kf2 Rhxg1 52. Rxg1 Rxg1 53. Kxg1 Ke5 {Weighted Error Value: White=0.79/Black=0.13} 0-1

[Event "UZB-ch Men 2021"]
[Site "Tashkent"]
[Date "2021.04.23"]
[Round "7.3"]
[White "Rakhmatullaev, Almas"]
[Black "Saydaliev, Saidakbar"]
[Result "0-1"]
[WhiteElo "2190"]
[BlackElo "2385"]
[Annotator "TA"]
[PlyCount "70"]
[EventDate "2021.04.17"]
[EventType "tourn"]
[EventCountry "UZB"]
[SourceTitle "playchess.com"]
[Source "ChessBase"]
[SourceQuality "1"]

{[%evp 11,70,16,23,7,23,31,28,2,3,4,0,-36,-27,-49,-23,-29,-27,-60,-51,-80,-55,-62,-34,-84,-90,-106,-83,-106,-104,-88,-85,-90,-83,-85,-79,-75,-75,-82,-70,-64,-70,-81,-64,-74,-66,-159,-148,-159,-104,-572,-572,-510,-510,-660,-632,-29981,-29981,-29993,-767,-29990,-29991]} 1. e4 c5 2. Nf3 d6 3. Bb5+ Nd7 4. d4 cxd4 5. Qxd4 a6 6. Bxd7+ Bxd7 7. c4 {B51: Sicilian: Moscow Variation (3 Bb5+) without 3...Bd7.} h6 8. Nc3 Nf6 9. b3 {White has an edge.} e5 10. Qd3 b5 {[#]} 11. cxb5 $146 ({Predecessor:} 11. Nd2 Qb8 12. O-O Be7 13. a4 bxa4 14. bxa4 O-O 15. Ba3 Rc8 16. h3 Bf8 17. Rfc1 {0-1 (53) Miguel,G (2226)-Cubas,J (2472) Florianopolis 2018}) 11... axb5 12. Bb2 Qa5 13. Nd2 Be7 14. O-O O-O 15. Nd1 Be6 16. Ne3 Qb6 17. Kh1 Rfd8 18. f4 d5 {Hoping for ...dxe4.} 19. fxe5 dxe4 {[%mdl 64] Pin} 20. Qe2 {[#]} Bb4 $1 21. Rfd1 Rd3 22. Ndf1 Rxd1 23. Nxd1 Nd5 $36 {[%mdl 2048] Black is in control.} 24. Qxe4 Bc5 25. Nc3 Rd8 26. Nxd5 Bxd5 27. Qe2 Qg6 28. Ng3 (28. Rc1 $15 Be7 29. Rc7) 28... Bb7 $1 $17 29. Rc1 {[#]} Bb6 ({Black should play} 29... Qg5 $1 {White must now prevent ...Rd2.} 30. Rc2 (30. Rxc5 $2 Rd2 $19) (30. Qxb5 $2 Qd2 $19) (30. Nf1 Bb6) 30... Qe3) 30. Rd1 {[%mdl 8192] White does not recover from this.} (30. Rf1 $17 {is tougher.}) 30... Rxd1+ $19 31. Qxd1 h5 {Strongly threatening ...h4.} 32. Bd4 Qc6 {[%csl Gb7][%cal Rc6g2]} 33. Qd2 Bxd4 34. Nf5 {[#]} Bc5 (34... Qe4 $142 $1 35. h4 Qxf5 36. Kh2 {[#]} Qf1 $1 37. Kh3 Bxe5 38. Qd8+ Kh7 39. Qh8+ Kxh8 40. b4 Bxg2#) 35. b4 {[#]} Qe4 $1 {[%mdl 64] Double Attack.  Weighted Error Value: White=0.98/Black=0.26} 0-1

[Event "UZB-ch Men 2021"]
[Site "Tashkent"]
[Date "2021.04.23"]
[Round "7.4"]
[White "Madaminov, Mukhiddin"]
[Black "Abdusattorov, Nodirbek"]
[Result "1/2-1/2"]
[WhiteElo "2258"]
[BlackElo "2627"]
[Annotator "TA"]
[PlyCount "215"]
[EventDate "2021.04.17"]
[EventType "tourn"]
[EventCountry "UZB"]
[SourceTitle "playchess.com"]
[Source "ChessBase"]
[SourceQuality "1"]

{[%evp 22,215,22,40,8,21,32,32,30,39,54,35,22,9,5,10,14,3,11,0,4,0,0,-6,-11,-14,0,0,0,0,0,0,5,0,0,0,0,0,0,0,0,0,0,0,0,-8,0,0,0,0,0,0,0,0,0,0,0,0,0,0,0,0,0,0,0,0,0,0,0,0,0,0,0,0,0,0,0,0,0,0,0,0,0,0,0,-61,0,0,0,0,0,0,0,0,0,0,0,0,0,0,0,0,0,0,0,0,0,0,0,0,0,0,0,0,0,0,0,0,0,0,0,0,0,0,0,0,0,0,0,0,0,0,0,0,0,0,0,0,0,0,0,0,0,0,0,0,0,0,0,0,0,0,0,0,0,0,0,0,0,0,0,0,0,0,0,0,0,0,0,0,0,0,0,0,0,0,0,0,0,0,0,0,0,0,0,0,0,0,0,0,0,0,0,0,0,0]} 1. e4 c5 2. Nf3 e6 3. d4 cxd4 4. Nxd4 Nf6 5. Nc3 Nc6 6. Nxc6 bxc6 7. e5 Nd5 8. Ne4 Qc7 9. f4 Qb6 10. c4 Bb4+ 11. Ke2 f5 12. exf6 Nxf6 {[#] B45: Sicilian Four Knights.} 13. Be3 $1 Qd8 14. Nd6+ Bxd6 {White is slightly better.} 15. Qxd6 Bb7 16. Rd1 Rc8 {[#]} 17. Bc5 $146 {Kf3 is the strong threat.} ({Predecessor:} 17. Rg1 c5 18. g4 Qc7 19. f5 Qxd6 20. Rxd6 Ke7 21. Rd3 Ba6 22. b3 d5 23. g5 {½-½ (36) Bacrot,E (2673)-Van Foreest,J (2682) Linares 2020}) 17... Ne4 18. Qe5 Nxc5 19. Qxc5 Qe7 20. Qxe7+ Kxe7 21. c5 Ba6+ 22. Kd2 Bxf1 23. Rhxf1 $11 {[%mdl 4096] Endgame KRR-KRR} Rb8 24. Kc3 a5 25. Rd4 Rb5 26. Rc4 h5 27. a3 Rb7 28. Rb1 h4 29. b4 h3 30. g3 Rh5 31. Rd1 axb4+ 32. axb4 Ra7 33. Kb2 Rb7 34. Kb3 g6 35. g4 Rh4 36. g5 Rh7 37. Rd3 Rb8 38. Rcc3 Rbh8 39. Rf3 Rh4 40. Rce3 R8h7 41. Kc3 Kf8 42. Kd4 Rf7 43. Rxh3 Rfxf4+ 44. Ke5 Ke7 {[%csl Ge6,Gg6][%cal Rf4f5] [#]} (44... Rxb4 $6 45. Kf6 $16) 45. Rxh4 Rxh4 {KR-KR} 46. Rf3 $1 Rxh2 ({Much worse is} 46... Rxb4 $6 47. Rh3 $16) 47. Rf6 $1 Re2+ 48. Kd4 Rg2 49. Rxg6 Kf7 50. Rf6+ $1 Kg7 51. Rf4 Rxg5 {White must now prevent ...e5+.} 52. Ke4 Rh5 53. Ke3 (53. Rf1 $11) 53... Rh3+ (53... Re5+ $15 54. Kd3 Rf5) 54. Kd4 {The position is equal.} Kg6 55. Rf8 Rh1 56. Ke4 Kg7 57. Rf2 Re1+ 58. Kd4 Kg6 59. Rf8 $1 Rd1+ 60. Ke5 Kg7 61. Rf2 Rd5+ 62. Ke4 Kg6 63. Rf8 Kg5 64. Rf7 Kh6 65. Rf6+ Kh5 66. Rf7 Kg5 67. Rf8 Rd1 68. Ke5 Kg6 (68... Re1+ {is more complex.} 69. Kd6 Rd1+ 70. Ke7 Rd2 71. Rg8+ Kf4) 69. Rf2 Kg7 (69... Rd5+ {seems wilder.} 70. Ke4 e5 71. Rf3 Rd2 72. Kxe5 Rd5+) 70. Rf3 (70. Ke4 {keeps more tension.} Rb1 71. Ke5 Rxb4 72. Rd2 Rb7 73. Kd6) 70... Kg8 (70... Rd5+ {with more complications.} 71. Ke4 Rd1 72. Ke5) 71. Rf2 Rd5+ 72. Ke4 Kg7 73. Rf3 Kh6 74. Rf7 Kg5 75. Rf1 Rf5 76. Rd1 $1 {[%cal Rd1d7]} Rd5 77. Rf1 Rd2 78. Ke5 Kg6 79. Rf8 Rb2 80. Kd6 Rd2+ 81. Ke5 Rd1 82. Rf2 Rd3 83. Rf8 Rd5+ 84. Ke4 Rf5 85. Rd8 $1 {[%cal Rd8d7]} Rd5 86. Rf8 $1 Kh6 87. Rf6+ Kh5 88. Rf7 Kg5 89. Rf8 Kg6 90. Rf2 Rf5 91. Rd2 Rf7 92. Ke5 $1 Rf5+ 93. Ke4 Rd5 94. Rf2 Kg7 95. Rf1 Kg8 96. Rf2 Rd1 97. Ke5 Kg7 98. Rf3 Re1+ 99. Kd6 Rd1+ 100. Ke5 Kg6 (100... Rg1 {is interesting.} 101. Rh3 Rf1) 101. Rf8 Rd5+ 102. Ke4 Rh5 103. Rd8 Kf6 104. Rxd7 Rh4+ 105. Kd3 Ke5 106. Kc3 {Threatens to win with Rd6.} Rh8 107. Rd6 Rc8 $1 108. Kc4 {Weighted Error Value: White=0.04/Black=0.02} 1/2-1/2

[Event "UZB-ch Men 2021"]
[Site "Tashkent"]
[Date "2021.04.23"]
[Round "7.5"]
[White "Yakubboev, Nodirbek"]
[Black "Shermuhammadov, Samandar"]
[Result "1-0"]
[WhiteElo "2605"]
[BlackElo "2063"]
[Annotator "TA"]
[PlyCount "31"]
[EventDate "2021.04.17"]
[EventType "tourn"]
[EventCountry "UZB"]
[SourceTitle "playchess.com"]
[Source "ChessBase"]
[SourceQuality "1"]

{[%evp 10,31,91,75,104,95,142,90,313,304,314,311,305,305,304,298,258,317,445,445,604,608,1163,1133]} 1. e4 e5 2. Nf3 Nf6 3. Nc3 Nc6 4. Bb5 Bb4 5. O-O d6 6. Nd5 Ba5 {[#] C49: Four Knights: 4 Bb5 Bb4.} 7. d4 $1 {[%cal Rd4e5] aiming for dxe5.} Nd7 8. c3 {[#]} ({Better is} 8. dxe5 {Hoping for Bg5.} dxe5 9. b4) 8... exd4 $146 (8... O-O $16) ({Predecessor:} 8... a6 9. Bc4 O-O 10. Bg5 Qe8 11. b4 Bb6 12. a4 a5 13. b5 Nd8 14. dxe5 dxe5 {1-0 (41) Llaneza Vega,M (2426)-Shamieh,M (2203) Yerevan 2007}) 9. Bg5 $18 (9. Nxd4 Nxd4 10. Qxd4 O-O $14) (9. cxd4 h6 $16) 9... f6 10. Bxc6 ({Not} 10. Nxd4 Nxd4 11. Bxf6 (11. Qxd4 c6 $15) 11... gxf6 $11) 10... bxc6 11. Nxd4 Ne5 12. Qh5+ Kd7 {[#]} ({Much weaker is} 12... Kf8 $6 {[#]} 13. f4 $1 $18) 13. f4 Ng6 {[#]} (13... cxd5 $142 14. fxe5 dxe5) 14. e5 $1 {[%cal Re5f6] White is clearly winning.} dxe5 (14... cxd5 15. e6+) 15. fxe5 cxd5 16. exf6 {White took control after the opening.  Weighted Error Value: White=0.03/Black=0.89} 1-0

[Event "UZB-ch Men 2021"]
[Site "Tashkent"]
[Date "2021.04.23"]
[Round "7.6"]
[White "Dzhumaev, Marat"]
[Black "Begmuratov, Khumoyun"]
[Result "*"]
[WhiteElo "2425"]
[BlackElo "1971"]
[Annotator "TA"]
[PlyCount "33"]
[EventDate "2021.04.17"]
[EventType "tourn"]
[EventCountry "UZB"]
[SourceTitle "playchess.com"]
[Source "ChessBase"]
[SourceQuality "1"]

{[%evp 9,33,10,7,5,10,8,10,5,14,12,12,8,0,1,0,3,3,8,7,10,10,10,8,0,0,3]} 1. d4 Nf6 2. Nf3 c5 3. e3 cxd4 4. exd4 d5 5. Ne5 Nc6 {The position is equal.} (5... g6 {keeps more tension.} 6. Bb5+ Nbd7 7. O-O Bg7 8. Nc3 O-O) 6. Bb5 {B13: Caro-Kann: Exchange Variation and Panov-Botvinnik Attack.} Bd7 7. Nxd7 Qxd7 8. c3 e6 9. O-O Bd6 10. Nd2 O-O 11. Bd3 e5 12. dxe5 Nxe5 13. Nf3 {[#]} Rfe8 $146 ({Predecessor:} 13... Nxf3+ 14. Qxf3 Rfe8 15. Be3 Qc7 16. g3 Bc5 17. Bf4 Bd6 18. Bd2 Qb6 19. b4 Ne4 {½-½ (44) Jones,G (2670)-Howell,D (2658) Tornelo INT 2021}) 14. h3 Ne4 15. Nxe5 Rxe5 16. Be3 Rae8 17. Re1 {A rather calm draw.  Weighted Error Value: White=0.01/Black=0.01} *

[Event "UZB-ch Men 2021"]
[Site "Tashkent"]
[Date "2021.04.24"]
[Round "8.1"]
[White "Shermuhammadov, Samandar"]
[Black "Dzhumaev, Marat"]
[Result "0-1"]
[WhiteElo "2063"]
[BlackElo "2425"]
[Annotator "TA"]
[PlyCount "62"]
[EventDate "2021.04.17"]
[EventType "tourn"]
[EventCountry "UZB"]
[SourceTitle "playchess.com"]
[Source "ChessBase"]
[SourceQuality "1"]

{[%evp 14,62,17,0,-8,-16,0,-25,-16,-22,-21,-29,-25,-14,-14,-8,4,-46,-48,-45,-39,-44,-36,-40,0,-66,-39,-159,-160,-160,-166,-144,-41,-563,-534,-437,-420,-445,-437,-407,-419,-1019,-1028,-1025,-1017,-29995,-29996,-29996,-29997,-29997,158]} 1. Nf3 c5 2. c4 Nc6 3. Nc3 g6 4. b3 Bg7 5. Bb2 d6 6. e3 Nf6 7. Be2 O-O 8. O-O e5 {A30: Symmetrical English: Double Fianchetto and Hedgehog.} 9. d4 e4 10. Nd2 cxd4 {Black has an edge.} 11. exd4 (11. Ncxe4 $2 Nxe4 12. Nxe4 f5 $19) 11... Re8 12. d5 Nd4 13. Re1 $1 Bf5 14. Nf1 Nd7 {[#]} 15. Na4 $146 ({Predecessor:} 15. Ne3 Nxe2+ 16. Qxe2 Nc5 17. Nxf5 gxf5 18. Red1 Nd3 19. Rxd3 exd3 20. Qxd3 Qg5 21. Rf1 {½-½ (48) Joachimsthaler,K-Quirk,M ICCF email 2007}) 15... Nxe2+ 16. Qxe2 Ne5 $1 17. Qd2 Qh4 18. Ng3 Re7 19. Rad1 ({White should play} 19. c5 $11) 19... Rae8 20. c5 ({White has to play} 20. Nxf5 $15 gxf5 21. Bxe5 Rxe5 22. g3) 20... Ng4 $1 $36 {[%mdl 2048] Black is on the roll.} 21. Nf1 Bh6 $1 {[%cal Rh6d2]} 22. Qd4 {[%csl Gb2][%cal Rd4h8] [#]} f6 ({Black should try} 22... Qxf2+ $1 $17 {[%mdl 512]} 23. Qxf2 Nxf2 24. cxd6 (24. Kxf2 e3+ 25. Nxe3 Bxe3+ 26. Kf3 Re4 $17) 24... Nxd1 25. dxe7 Nxb2 26. Nxb2 Rxe7) 23. cxd6 $2 {[%mdl 8192] [#] Now White is beyond hope.} (23. Re2 $1 $15 dxc5 24. Nxc5) 23... e3 $1 $19 24. f3 {[#]} e2 $1 25. fxg4 (25. dxe7 {[#]} Be3+ $1 {[%mdl 512]} 26. Qxe3 exd1=Q $19) 25... exf1=Q+ (25... exd1=R 26. Rxe7 Rxd4 27. Rxe8+ Bf8 28. Bxd4 $17) ({Weaker is} 25... exd1=Q 26. Rxd1 Re2 27. d7 $19 (27. gxf5 {is a self mate.} Be3+ 28. Qxe3 R8xe3 29. Kh1 Qf2 {[%mdl 64] Double Attack} 30. Nxe3 Re1+ {[%mdl 64] Back Rank} 31. Rxe1 Qxe1+ 32. Nf1 Qxf1#)) (25... exf1=R+ 26. Rxf1 Be3+ 27. Kh1 $19) 26. Rxf1 Be3+ 27. Qxe3 (27. Kh1 $142 Bxd4 28. dxe7 Bxb2 29. Nxb2 Qxg4 30. d6) 27... Rxe3 28. gxf5 Re2 {( -> ...Rxg2+!)} 29. d7 {[#]} Rxg2+ $3 {[%mdl 576] Clearance. Black mates.} 30. Kxg2 Re2+ 31. Kf3 Qe4+ {[%mdl 32832] Double Attack.  Weighted Error Value: White=0.86/Black=0.07. Loss on time!?} 0-1

[Event "UZB-ch Men 2021"]
[Site "Tashkent"]
[Date "2021.04.24"]
[Round "8.2"]
[White "Abdusattorov, Nodirbek"]
[Black "Yakubboev, Nodirbek"]
[Result "1/2-1/2"]
[WhiteElo "2627"]
[BlackElo "2605"]
[Annotator "TA"]
[PlyCount "143"]
[EventDate "2021.04.17"]
[EventType "tourn"]
[EventCountry "UZB"]
[SourceTitle "playchess.com"]
[Source "ChessBase"]
[SourceQuality "1"]

{[%evp 17,143,0,0,0,0,0,0,0,9,19,5,0,0,7,6,0,0,10,19,17,16,3,17,0,0,0,0,0,13,0,8,-39,-42,-59,0,0,0,0,0,0,0,0,0,0,18,0,0,0,0,0,0,0,0,0,24,14,71,88,81,14,22,0,0,0,0,0,0,0,0,0,0,0,0,0,0,0,0,0,0,0,0,0,0,0,0,0,0,0,0,0,0,0,0,0,0,0,0,0,0,0,0,0,0,0,0,0,0,0,0,0,0,0,0,0,0,0,0,0,0,0,0,0,0,0,0,0,0,0]} 1. e4 e5 2. Nf3 Nc6 3. Bc4 Bc5 4. c3 Nf6 5. d4 exd4 6. e5 d5 7. Bb5 Ne4 8. cxd4 Bb6 9. Nc3 O-O 10. Be3 {C54: Giuoco Piano: 4 c3 Nf6, main lines with 5 d4 and 5 d3.} Bg4 11. h3 Bh5 12. Qc2 Bg6 13. Qb3 Ne7 14. O-O c6 15. Bd3 Nd2 16. Nxd2 {Strongly threatening Bxg6.} Bxd3 17. Rfe1 Bg6 18. Na4 Nf5 19. Nxb6 axb6 {[#]} 20. Nf3 $146 ({Predecessor:} 20. a4 f6 21. exf6 Qxf6 22. Nf3 Nxe3 23. Qxe3 Qf4 24. Ne5 Qxe3 25. Rxe3 Rf4 26. Rb3 {1-0 (41) Harsha,B (2474)-Liang,A (2575) Manavgat 2018}) 20... Nxe3 21. Qxe3 Qe7 22. a3 c5 23. Qb3 Be4 24. Qxb6 Bxf3 25. gxf3 Qh4 (25... c4 $15) 26. e6 $11 {And now e7 would win.} ({Don't play} 26. dxc5 Ra6 $17) (26. Qxb7 Qxh3 27. Qxd5 (27. dxc5 Rae8 $17) 27... Rae8 $17) 26... Qxh3 27. e7 Rfe8 {aiming for ...Ra6.} 28. Qxb7 ({Wrong is} 28. dxc5 $2 Ra6 $19) 28... Qxf3 29. Re3 $40 {[%mdl 128] White attacks.} Qg4+ {[%mdl 64] [#] Double Attack} 30. Kf1 g6 31. dxc5 Qc4+ 32. Re2 d4 33. Rd1 d3 34. Re3 d2+ 35. Re2 Qxc5 36. Rdxd2 Qc1+ (36... Ra7 $11 37. Qd5 Qxd5 38. Rxd5 f5) 37. Kg2 $16 {Threatens to win with Qxa8!} Ra5 {[#] ( -> ...Rg5+)} 38. Rd5 (38. f4 $1 $16) 38... Qc4 $11 {[%mdl 64] Double Attack. The position is equal.} 39. Ree5 Qg4+ 40. Kf1 Qc4+ 41. Ke1 Rxd5 42. Qxd5 {[%mdl 4096] Endgame KQR-KQR} Qc1+ 43. Qd1 Qc7 44. Qe2 Qc1+ 45. Qd1 Qc7 46. Qd4 Rxe7 47. Rxe7 Qxe7+ {KQ-KQ} 48. Kf1 h5 49. a4 h4 (49... Qg5 {keeps more tension.} 50. Qc3 Qd5 51. a5 Qh1+ 52. Ke2 h4) 50. a5 Qb7 51. Qxh4 {Hoping for Qd8+.} Qb5+ 52. Kg1 {b4 is the strong threat.} Qxa5 53. b4 Qa1+ 54. Kg2 Qa8+ 55. Kh2 Qd5 56. Qe7 Kg7 (56... Qd2 {is interesting.} 57. Kg2 Qf4 58. f3 Kg7 59. b5 Qd2+) 57. Kg3 Qd3+ 58. f3 Qd4 59. Qc5 Qxc5 60. bxc5 {KPP-KPP} Kf8 61. Kf4 {White wants to mate with Kg5.} (61. f4 {seems wilder.} Ke8 62. Kg4 f6 63. Kf3 Kd7 64. Ke3) 61... f6 $1 62. Ke4 Ke7 63. Kd5 g5 $1 64. Kc6 f5 $1 65. Kb7 {Black must now prevent c6.} g4 66. fxg4 fxg4 {KP-KP} 67. c6 {c7 would kill now.} g3 68. c7 g2 69. c8=Q {Threatening mate with Qg8.} g1=Q 70. Qc7+ Ke6 71. Qb6+ Qxb6+ 72. Kxb6 {Weighted Error Value: White=0.05/Black=0.05} 1/2-1/2

[Event "UZB-ch Men 2021"]
[Site "Tashkent"]
[Date "2021.04.24"]
[Round "8.3"]
[White "Saydaliev, Saidakbar"]
[Black "Madaminov, Mukhiddin"]
[Result "1-0"]
[WhiteElo "2385"]
[BlackElo "2258"]
[Annotator "TA"]
[PlyCount "75"]
[EventDate "2021.04.17"]
[EventType "tourn"]
[EventCountry "UZB"]
[SourceTitle "playchess.com"]
[Source "ChessBase"]
[SourceQuality "1"]

{[%evp 18,75,10,0,1,-14,17,2,13,2,31,28,36,32,30,27,74,74,65,77,72,67,62,61,57,41,131,121,213,12,195,187,194,176,221,199,207,192,194,158,194,187,187,187,179,179,272,269,266,266,328,301,401,394,536,533,518,514,645,625]} 1. d4 Nf6 2. c4 e6 3. Nc3 Bb4 4. Qc2 O-O 5. a3 Bxc3+ 6. Qxc3 b6 7. Bg5 Bb7 8. e3 d6 9. f3 Nbd7 10. Nh3 e5 {E32: Nimzo-Indian: Classical (4 Qc2): 4...0-0.} 11. Be2 Re8 12. O-O h6 {The position is equal.} 13. Bh4 {[#]} Ne4 $146 ({Predecessor:} 13... Qe7 14. Bf2 Nf8 15. Kh1 Ng6 16. b4 a5 17. e4 Nh5 18. dxe5 Nhf4 19. Nxf4 Nxf4 20. Bd1 axb4 21. axb4 Rxa1 22. Qxa1 dxe5 {1-0 (77) Eljanov,P (2761)-Polgar,J (2682) Khanty-Mansiysk 2010}) 14. Qe1 Ng5 15. Bxg5 hxg5 16. d5 b5 17. cxb5 Bxd5 18. Rc1 Nb6 19. Qg3 f6 20. Nf2 Be6 21. Bd3 d5 (21... Nd5 $14) 22. h4 $1 $16 Nc4 {[#]} (22... gxh4 $16 23. Qxh4 f5) 23. Bxc4 $2 ({Only move:} 23. hxg5 $1 $18 {Strongly threatening Ng4.} Nxe3 24. gxf6 (24. Rfe1 f5 $16) 24... Qxf6 25. Rfe1 (25. Rxc7 Nxf1 26. Bxf1 Rec8 $17)) 23... dxc4 $2 {Black cannot hold the game after this.} (23... gxh4 $11 {and Black stays safe.} 24. Qxh4 dxc4) 24. hxg5 $18 fxg5 25. Rfd1 Qb8 26. Ne4 Qxb5 27. Nxg5 Qb6 28. Qf2 Rad8 {[#]} 29. Rxd8 $1 $40 {[%mdl 128] White goes for the king.} Rxd8 30. Nxe6 Qxe6 {[%mdl 4096] Endgame KQR-KQR} 31. Qh4 Rd5 (31... Rd2 {is a better defense.} 32. Qxc4 Qxc4 33. Rxc4 Rxb2 34. Rxc7 a6) 32. Qxc4 Qf7 33. Qg4 c5 34. e4 Rd2 35. Rxc5 {And now Rc8+ would win.} Rd8 36. Rxe5 {White is clearly winning.} Rd1+ 37. Kh2 Qf6 38. Qe6+ {Weighted Error Value: White=0.12/Black=0.49} 1-0